000 00302nam a22001337a 4500
008 170911b xxu||||| |||| 00| 0 eng d
020 _a9780070088177
041 _aeng
080 _26 ED
_a53
100 _a43
101 _aFIZ
245 _aPRINCIPLES OF PHYSICS
_cBUECHE.F.J
942 _2udc
_cBK
999 _c27118
_d27118